| 000 | 00342nam a2200133Ia 4500 | ||
|---|---|---|---|
| 008 | 240624s9999 xx 000 0 und d | ||
| 041 | _aeng | ||
| 082 | _a823 BT | ||
| 100 | _aTHE BUSINESS TODAY TEAM | ||
| 245 | _aBEST ADVICE I EVER GOT | ||
| 260 |
_c2010 _aNew Delhi _bHarperCollins |
||
| 300 | _avi, : 142 : p. : cm. ; 18 | ||
| 365 |
_cRS _b25 |
||
| 999 |
_c18434 _d18434 |
||